Talent management in selected Slovak entrepises

Pojem talent manažment. Úroveň jeho vnímania a využitia vo vybraných firmách na Slovensku.

Uložené v:
Podrobná bibliografia
Hlavný autor: Vodák, Jozef
Médium: Kapitola
Jazyk:Slovak
Predmet:
Tagy: Pridať tag
Žiadne tagy, Buďte prvý, kto otaguje tento záznam!

MARC

LEADER 00000naa$a2200000$$$4500
001 0101385
005 20231128130622.2
041 0 |a slo 
044 |a CZ 
245 1 0 |a Talent management in selected Slovak entrepises  |c Jozef Vodák 
520 |a Pojem talent manažment. Úroveň jeho vnímania a využitia vo vybraných firmách na Slovensku. 
610 2 0 |a talenty 
610 2 0 |a talent manažment 
610 2 0 |a manažment 
610 2 0 |a podnik 
610 2 0 |a Slovensko 
610 2 0 |a riadenie ľudských zdrojov 
100 1 |a Vodák, Jozef